| 000 | 00517nam a22001817a 4500 | ||
|---|---|---|---|
| 005 | 20251108164010.0 | ||
| 008 | 250721s1998 xx 000 0 ara d | ||
| 082 | 1 | 4 | _a818.03/خور |
| 100 | 1 | _aخوري، نبيل | |
| 245 | 1 | 0 |
_aالمرافىء القديمة : _bمن دفاتر الصحافة / |
| 264 | 1 |
_aبيروت : _bرياض الريس، _c1998. |
|
| 300 | _a407ص | ||
| 650 | 1 | 7 | _aالأدب العربي |
| 650 | 1 | 7 | _aالمذكرات |
| 650 | 1 | 7 | _aالصحافة |
| 942 |
_2ddc _cBK |
||
| 999 |
_c1046 _d1046 |
||